000 00859nac a22002897a 4500
001 BR2014008168
003 BR-BrBNA
005 20240105124018.0
008 230509b bl.|||m| |||| 00| 0 por d
040 _aBR-BrBNA
_bpor
_cBiblioteca Nacional de Agricultura
072 _aP01; E50; N01
090 _aP01 BR2014008168
100 1 _aSilva, W.T.L. da
110 1 _aEMBRAPA Informação Tecnológica, Brasília, DF (Brasil)
245 1 _aSaneamento básico rural
260 3 _aBrasília, DF (Brasil):
_c2014.
300 _a68 p.
490 _aABC da Agricultura Familiar (Brazil)
_vno. 37
_x
500 _a20 illus.
650 _aMEIO AMBIENTE
650 _aPROTECAO AMBIENTAL
650 _aPROPRIEDADE RURAL
650 _aFOSSA SEPTICA
650 _aBIODIGESTOR
909 _a202312
_bLúcia Elande
_c55
_dLúcia Elande
942 _2AGRIS
_n0
_cMS
999 _c297973
_d297973